| 000 | 01188nam2a22002411 4500 | ||
|---|---|---|---|
| 001 | v19\rc\2021055 | ||
| 005 | 20251118181431.3 | ||
| 035 | _a(NLR Aleph) 005101391 | ||
| 090 |
_a7396515 _c7396515 |
||
| 100 | _a20080925d1916 u y0rusy50 ca | ||
| 101 | 0 | _arus | |
| 102 | _aRU | ||
| 105 | _ay z ||||| | ||
| 200 | 0 | _aЧ. 2 | |
| 215 | _a23 с. | ||
| 461 | 0 |
_1001v19\rc\2021053 _12001#$aОбщедоступное руководство кройки дамского и детского платья и верхних вещей по парижской легкой системе$fСост. Ф.А. Власко. Ч. 1-2$vЧ. 2 _1700#1$aВласко$bФ.А.$4220 _97396497 _aВласко, Ф.А. _cСаратов _d[1916] _fСост. Ф.А. Власко. Ч. 1-2 _nтип. "Сарат. почта" _p2 т. _tОбщедоступное руководство кройки дамского и детского платья и верхних вещей по парижской легкой системе _vЧ. 2 |
|
| 801 | 0 |
_aRU _bNLR _gpsbo |
|
| 801 | 0 |
_aRU _bRuMoRGB _2psbo |
|
| 801 | 1 |
_aRU _bProSoft-M _2rusmarc |
|
| 852 |
_aNLR _j37.62.5.154 |
||
| 899 |
_aRuMoRGB _jV 283/76 |
||
| 942 | _cBOOK | ||
| 980 | _aNB | ||